Usborne animal stories for little children (Record no. 121107)

MARC details
000 -LEADER
fixed length control field 00638nam a2200229 i 4500
001 - CONTROL NUMBER
control field C2-0320439
003 - CONTROL NUMBER IDENTIFIER
control field PPAK
005 - DATE AND TIME OF LATEST TRANSACTION
control field 20180728115910.0
008 - FIXED-LENGTH DATA ELEMENTS--GENERAL INFORMATION
fixed length control field 130102s2009 enka|||| ||||| | eng d
020 ## - INTERNATIONAL STANDARD BOOK NUMBER
International Standard Book Number 9781409507017
040 ## - CATALOGING SOURCE
Original cataloging agency PPAK
Language of cataloging eng
Transcribing agency PPAK
Description conventions rda
082 04 - DEWEY DECIMAL CLASSIFICATION NUMBER
Classification number 398.245
Edition number 23
090 00 - LOCALLY ASSIGNED LC-TYPE CALL NUMBER (OCLC); LOCAL CALL NUMBER (RLIN)
Classification number (OCLC) (R) ; Classification number, CALL (RLIN) (NR) 398.245
Feature heading USB
Feature heading RK
245 00 - TITLE STATEMENT
Title Usborne animal stories for little children
264 #1 - PRODUCTION, PUBLICATION, DISTRIBUTION, MANUFACTURE, AND COPYRIGHT NOTICE
Place of production, publication, distribution, manufacture London :
Name of producer, publisher, distributor, manufacturer Usborne Publishing ,
Date of production, publication, distribution, manufacture, or copyright notice 2009
300 ## - PHYSICAL DESCRIPTION
Extent 127 pages :
Other physical details colour illustrations ;
Dimensions 26 cm.
336 ## - CONTENT TYPE
Source rdacontent
Content type term text
337 ## - MEDIA TYPE
Source rdamedia
Media type term unmediated
338 ## - CARRIER TYPE
Source rdacarrier
Carrier type term volume
650 10 - SUBJECT ADDED ENTRY--TOPICAL TERM
Topical term or geographic name entry element Fairy tales
942 ## - ADDED ENTRY ELEMENTS (KOHA)
-- dc
Koha item type Book
Holdings
Withdrawn Not for loan Current library Shelving location Date acquired Full call number Barcode Date last seen Koha item type Total Checkouts Date last checked out
    Perpustakaan Alor Setar Pinjaman Kanak-kanak 06/01/2013 K 398.245 USB A01411578 27/09/2025 Book 15 06/09/2025
  Not For Loan Perpustakaan Alor Setar Rujukan Kanak-kanak 06/01/2013 RK 398.245 USB A01411579 09/05/2018 Book    
  Not For Loan Perpustakaan Awam Sungai Petani Rujukan Kanak-kanak 06/01/2013 RK 398.245 USB A01411580 09/05/2018 Book    
  Not For Loan Perpustakaan Baling Rujukan Kanak-kanak 06/01/2013 RK 398.245 USB A01411583 09/05/2018 Book    
  Not For Loan Perpustakaan Jitra Rujukan Kanak-kanak 06/01/2013 RK 398.245 USB A01411581 09/05/2018 Book    
  Not For Loan Perpustakaan Kulim Rujukan Kanak-kanak 06/01/2013 RK 398.245 USB A01411582 09/05/2018 Book    
  Not For Loan Perpustakaan Merbok Rujukan Kanak-kanak 06/01/2013 RK 398.245 USB A01411584 09/05/2018 Book